| 000 | 00553nam a2200181 i 4500 | ||
|---|---|---|---|
| 001 | 78192 | ||
| 003 | ES-MaACL | ||
| 005 | 20251217063017.0 | ||
| 007 | t| | ||
| 008 | 041013s1912 xxk ||||1| eng d | ||
| 100 | 1 |
_aHartley, C. Gasquoine, _d1867-1928 _961979 |
|
| 245 | 1 | 4 |
_aThe story of Santiago de Compostela / _cby C. Gasquoine Hartley. |
| 260 |
_aLondon : _bJ. M. Dent, _c1912. |
||
| 300 |
_a332 p. : _bil. ; _c17 cm. |
||
| 651 | 4 |
_aSantiago de Compostela- _xDescripción. _99366 |
|
| 852 |
_aES-MaACL _jG-13927 |
||
| 999 |
_c78192 _d78192 |
||